| 000 | 00479 a2200157 4500 | ||
|---|---|---|---|
| 999 |
_c12912 _d12912 |
||
| 003 | OSt | ||
| 005 | 20240801124833.0 | ||
| 008 | 240801b ||||| |||| 00| 0 eng d | ||
| 020 | _a9780714877297 | ||
| 082 | _a709.540 | ||
| 100 | _aPhaidon Phaidon (Editors) | ||
| 245 | _a30,000 Years of Art : The Story of Human Creativity across Time and Space (mini format - includes 600 of the world’s greatest works) | ||
| 260 |
_b Phaidon Press _c2019 |
||
| 300 | _a639p; | ||
| 942 | _2ddc | ||